000 00653nam a2200241Ia 4500
003 OSt
005 20220926011826.0
006 a|||||r|||| 00| 0
007 ta
008 220923b |||||||| |||| 00| 0 eng d
020 _a0814454399
037 _cGeneral Book
040 _aRTL
_cRTL
_beng
041 _2eng
_aeng
082 _aX:514, L7
100 _aMort Torry A
_9315001
245 0 _aSystematic selling
_b How to influence the bring dec
260 _aNew York
_bAMACOM
_c1977
300 _a190p
_ccm.
650 _aSalesmanship
_9229886
942 _hX:514, L7
_cGB
_2CC
999 _c621057
_d621057